Fortnite Locations Quiz - Statistics

General Stats
  • This quiz has been taken 553 times
    485 since last reset
  • The average score is 14 of 20
Answer Stats
Hint Answer % Correct
T Tilted Towers
88%
D Dusty Divot
84%
L Loot Lake
79%
S Salty Springs
75%
W Wailing Woods
74%
P Pleasant Park
73%
R Retail Row
73%
F Fatal Fields
71%
G Greasy Grove
70%
J Junk Junction
68%
H Haunted Hills
67%
F Flush Factory
66%
L Lucky Landing
66%
P Paradise Palms
64%
L Lonely Lodge
63%
T Tomato Town
60%
S Snobby Shores
57%
L Lazy Links
56%
R Risky Reels
56%
S Shifty Shafts
51%
No matching quizzes found
Score Distribution
Percent of People with Each Score
Percentile by Number Answered
Your Score History
You have not taken this quiz since the last reset